00849 2200277 4500001002100000005001500021035002000036007000300056008004100059082001200100084001800112100002000130245009800150250001000248260009700258300003800355700001200393700001900405504003000424650003600454990001600490990001600506990001700522990001600539990001600555INLIS00000000000753620210319111628 a0010-0321000906ta210319 g 0 ind  aR.639.2 aR.639.2 TAU a0 aTAUFIK, Hidayat1 aAlat Tangkap Tradisional Kota Pangkalpinang /cTaufik Hidayat, Damhuri; editor, Akhmad Elvian acet.1 aPangkalpinang :bBidang Kebudayaan Dinas Kebudayaan dan Pariwisata Kota Pangkalpinang,c2007 axiii, 117 hal. :bilus. ;c21 cm.0 aDAMHURI0 aAKHMAD, Elvian aBibliografi : hal.116-117 4aPERIKANAN ALAT DAN PERLENGKAPAN a1587/5048 a a1587/5050 a a11587/5051 a a1587/5052 a a1587/5057 a